MARC

LEADER 00000nam0a2200000 4500
001 50768
005 20231101211252.0
035 |a (RuTPU)RU\TPU\book\53149 
090 |a 50768 
100 |a 20030418d1973 km y0rusy50 ca 
101 0 |a rus 
102 |a RU 
105 |a a z 001zy 
200 1 |a Система регулирования паровой теплофикационной турбины Т-100-130 УТМЗ  |f Л. С. Иоффе 
210 |a Москва  |c Энергия  |d 1973 
215 |a 81 с.  |c ил. 
225 1 |a Библиотека тепломонтажника 
320 |a Библиогр.: с. 81. 
606 1 |a Паровые турбины  |x Автоматическое регулирование  |2 stltpush  |3 (RuTPU)RU\TPU\subj\48246  |9 67123 
610 1 |a теплотехника 
610 1 |a теплофикационные турбины 
610 1 |a паротурбинные установки 
610 1 |a узлы 
610 1 |a конструкция 
610 1 |a наладка 
610 1 |a настройка 
675 |a 621.165-5  |v 3 
700 1 |a Иоффе  |b Л. С.  |g Лазарь Соломонович 
801 1 |a RU  |b 63413507  |c 20030418  |g PSBO 
801 2 |a RU  |b 63413507  |c 20210121  |g PSBO 
942 |c BK